| 000 | 00617pam a2200205 i 4500 | ||
|---|---|---|---|
| 001 | 1810011 | ||
| 003 | GBCCL | ||
| 005 | 20251125121646.0 | ||
| 008 | 790801s1979 enk 001 0 eng | ||
| 020 | _a9780195676983 | ||
| 040 |
_aDLC _cDLC _dDLC |
||
| 082 | 0 | 0 |
_a808.882 _bOXF |
| 245 | 0 | 4 |
_aThe Oxford dictionary of quotations and proverbs / _cedited by Susan Ratcliffe |
| 260 |
_aOxford ; _aNew York : _bOxford University Press, _c2006 |
||
| 300 |
_a340 p. ; _c24 cm. |
||
| 650 | 0 |
_aQuotations. _91658 |
|
| 650 | 0 |
_aQuotations, English. _91163 |
|
| 906 |
_a7 _bcbc _corignew _d1 _eocip _f19 _gy-gencatlg |
||
| 942 |
_2ddc _cREF |
||
| 999 |
_c7058 _d7058 |
||